[Event "EU-chT (Men) 21st"]
[Site "Heraklion"]
[Date "2017.11.05"]
[Round "8.4"]
[White "Grant, Jonathan"]
[Black "Sadiku, Bedri"]
[Result "1-0"]
[WhiteElo "2179"]
[BlackElo "2213"]
[PlyCount "101"]
[EventDate "2017.10.28"]
[EventType "team-swiss"]
[EventRounds "9"]
[EventCountry "GRE"]
[SourceTitle "CBM 182"]
[Source "ChessBase"]
[SourceDate "2018.01.17"]
[SourceVersion "1"]
[SourceVersionDate "2018.01.17"]
[SourceQuality "1"]
[WhiteTeam "Scotland"]
[BlackTeam "Kosovo"]
[WhiteTeamCountry "SCO"]
[BlackTeamCountry "KOS"]

1. c4 g6 2. Nc3 Bg7 3. g3 Nc6 4. Bg2 d6 5. d3 e5 6. e4 Nh6 7. Nge2 0-0 8. h4 f6 9. f3 Be6 10. Be3 Ne7 11. Qb3 b6 12. d4 c5 13. dxe5 dxe5 14. Rd1 Qc8 15. Nd5 Nc6 16. Nec3 Kh8 17. Qc2 Nd4 18. Qd2 Ng8 19. 0-0 Qd7 20. Rb1 Rac8 21. b3 Bh3 22. Bxh3 Qxh3 23. Qg2 Qd7 24. Kh2 Ne7 25. Nxe7 Qxe7 26. Nd5 Qd6 27. Qd2 f5 28. exf5 gxf5 29. Kg2 Rce8 30. Rbe1 Rg8 31. Bxd4 cxd4 32. Qg5 Rgf8 33. g4 e4 34. fxe4 fxe4 35. Rxf8+ Qxf8 36. Rf1 Qd6 37. Rf7 Qg6 38. Qf4 e3 39. Ne7 Qc2+ 40. Kh3 e2 41. Rxg7 Kxg7 42. Qg5+ Kf7 43. Nf5 Qc3+ 44. Kh2 e1Q 45. Nh6+ Ke6 46. Qd5+ Ke7 47. Qb7+ Kd6 48. Nf7+ Kc5 49. Qd5+ Kb4 50. Qd6+ Ka5 51. Qa3# 1-0